00331nam a2200145Ia 4500008004100000020001500041041001200056082001600068100001400084245002100098260003000119300000800149650001400157700001400171221030s9999 xx 000 0 und d a8181473248 aEnglish a105.23bSha aD. Shasha 0aDatabase Tunning bMorgan KaufmanaUSAc2003 a415 aCOMPUTERS aP. Bonnet